Miejscowości, w których odbywa się PŚ w skokach narciarskich 2025/26 - Statystyki

Ogólne statystyki
  • Ten quiz został rozwiązany 100 razy
  • Średni wynik to 15 z 18
Statystyki odpowiedzi
Kraj Miejscowość % Poprawnych
Polska Wisła
100%
Polska Zakopane
99%
Słowenia Planica
92%
Austria Innsbruck
90%
Japonia Sapporo
90%
Norwegia Oslo
89%
Niemcy Garmisch-Partenkirchen
86%
Niemcy Oberstdorf
85%
Finlandia Lahti
84%
Norwegia Vikersund
82%
Szwajcaria Engelberg
80%
Austria Bischofshofen
78%
Szwecja Falun
77%
Finlandia Ruka
76%
Norwegia Lillehammer
75%
Niemcy Willingen
68%
Austria Bad Mitterndorf
61%
Niemcy Klingenthal
51%
Nie znaleziono quizów pasujących do podanych kryteriów
Rozkład punktacji
Procent ludzi z każdym wynikiem
Percentyl według liczby udzielonych odpowiedzi
Twoja historia wyników
Nie rozwiązałeś tego quizu